Statistics for Models of Rolls-Royce

Click here to take the quiz!

General Stats

  • This quiz has been taken 25 times
  • The average score is 11 of 34

Answer Stats

Year(s) of ServiceName% Correct
2010ghost
91%
2003 | 2007 | 2014phantom
91%
1938-39 | 2013wraith
68%
1965-80silver shadow
59%
1946-59silver wraith
41%
1955-66silver cloud
36%
1980-98silver spirit
36%
1949-55silver dawn
32%
1904-0610 hp
32%
1936-35phantom 2
27%
1936-38phantom 3
27%
1975-86Camargue
27%
1929-3620/25
27%
1936-3825/30
23%
1905-0820 hp
23%
190515 hp
23%
1968-91phantom 6
18%
1950-56phantom 4
18%
1959-68phantom 5
18%
1922-29Twenty
14%
1998-02silver seraph
14%
1905-06V-8
14%
2008phantom coupe
14%
1905-0630 hp
14%
1906-2540/50 silver ghost
9%
1925-2940/50 Phantom
5%
2000-02Corniche 5
5%
2015corniche coupe
5%
2015phantom roadster
5%
1971-96corniche 1-6
0%
1980-98silver spirit/ silver spur
0%

Score Distribution

Percentile by Number Answered

Percent of People with Each Score

Your Score History

You have not taken this quiz